Carrière de grands coachs - Statistiques

Statistiques générales
  • Ce quiz a été pris 219 fois
  • Le résultat moyen est 22 sur 36
Statistiques - réponses
Réponse % Correct
Real Madrid
100%
Real Madrid
100%
Real Madrid
100%
Manchester City
97%
Bayern Munich
96%
Bayern Munich
96%
AC Milan
92%
AC Milan
92%
FC Barcelone
92%
FC Barcelone
92%
FC Porto
92%
PSG
90%
Manchester United
87%
Chelsea
86%
Chelsea
86%
Chelsea
86%
Inter Milan
85%
AS Roma
80%
AS Roma
80%
AS Roma
80%
Juventus
75%
Tottenham
74%
Everton
63%
Naples
59%
Benfica
52%
Parme AC
37%
Parme AC
37%
Brescia Calcio
12%
Rio Ave FC
6%
UD Leiria
5%
AC Reggiana
4%
Al Ahli SC
4%
Dorados de Sinaloa
3%
GD Sesimbra
2%
CF Os Belenenses
1%
Comércio e Indústria
1%
Aucun quiz correspondant
Distribution des résultats
% des personnes avec chaque résultat
Percentile par nombre de réponses
Votre historique - résultats
Vous n’avez pas pris ce quiz